Eastern Utah Libraries Catalog: Duchesne, Heber, Roosevelt, & Vernal

The right call / (Record no. 408616)

MARC details
000 -LEADER
fixed length control field 02013cam a2200421 i 4500
001 - CONTROL NUMBER
control field 1514959708
003 - CONTROL NUMBER IDENTIFIER
control field OCoLC
005 - DATE AND TIME OF LATEST TRANSACTION
control field 20250606134819.0
008 - FIXED-LENGTH DATA ELEMENTS--GENERAL INFORMATION
fixed length control field 250407t20252025nyu c 000 f eng d
020 ## - INTERNATIONAL STANDARD BOOK NUMBER
International Standard Book Number 9781419772856
Qualifying information (hardcover)
020 ## - INTERNATIONAL STANDARD BOOK NUMBER
International Standard Book Number 1419772856
Qualifying information (hardcover)
035 ## - SYSTEM CONTROL NUMBER
System control number (OCoLC)1514959708
040 ## - CATALOGING SOURCE
Original cataloging agency IG#
Language of cataloging eng
Description conventions rda
Transcribing agency IG#
Modifying agency JQW
-- OCLCO
-- TOH
-- FGS
082 04 - DEWEY DECIMAL CLASSIFICATION NUMBER
Classification number [Fic]
Edition number 23
092 ## - LOCALLY ASSIGNED DEWEY CALL NUMBER (OCLC)
Classification number junior fiction
Item number Greenwald
100 1# - MAIN ENTRY--PERSONAL NAME
Personal name Greenwald, Tommy,
Dates associated with a name 1962-
Relator term author.
9 (RLIN) 6482128
245 14 - TITLE STATEMENT
Title The right call /
Statement of responsibility, etc Tommy Greenwald.
264 #1 - Production, Publication, Distribution, Manufacture, and Copyright Notice.
Place of production, publication, distribution, manufacture New York, NY :
Name of producer, publisher, distributor, manufacturer Amulet Books, an Imprint of ABRAMS,
Date of production, publication, distribution, manufacture, or copyr [2025]
264 #4 - Production, Publication, Distribution, Manufacture, and Copyright Notice.
Date of production, publication, distribution, manufacture, or copyr ©2025.
300 ## - PHYSICAL DESCRIPTION
Extent 408 pages ;
Dimensions 21 cm.
336 ## - Content Type
Content type term text
337 ## - Media type
Media type term unmediated
338 ## - Carrier type
Carrier type term volume
520 ## - SUMMARY, ETC.
Summary, etc "Cal Klondike's life revolves around baseball. He's the Walthorne Baseball Academy's star pitcher, and everyone from his coach to his dad to the town sports blogger is telling Cal he has an unlimited future in the sport. But with all this attention comes a lot of added stress, especially as the season kicks into high gear and college and pro scouts start to show up at the games. Inevitably, tensions that have been bubbling under the surface finally boil over, culminating in a confrontation that could change Cal's relationship to baseball forever."-- Page [2] of cover.
521 1# - TARGET AUDIENCE NOTE
Target audience note 10-13.
521 2# - TARGET AUDIENCE NOTE
Target audience note 05-08.
650 #0 - SUBJECT ADDED ENTRY--TOPICAL TERM
Topical term or geographic name as entry element Baseball
Form subdivision Juvenile fiction.
9 (RLIN) 5681236
650 #0 - SUBJECT ADDED ENTRY--TOPICAL TERM
Topical term or geographic name as entry element Stress (Psychology)
Form subdivision Juvenile fiction.
9 (RLIN) 6470317
650 #0 - SUBJECT ADDED ENTRY--TOPICAL TERM
Topical term or geographic name as entry element Social pressure
Form subdivision Juvenile fiction.
9 (RLIN) 6429031
650 #0 - SUBJECT ADDED ENTRY--TOPICAL TERM
Topical term or geographic name as entry element Fathers and sons
Form subdivision Juvenile fiction.
9 (RLIN) 5677048
650 #0 - SUBJECT ADDED ENTRY--TOPICAL TERM
Topical term or geographic name as entry element High school students
Form subdivision Juvenile fiction.
9 (RLIN) 5688515
650 #0 - SUBJECT ADDED ENTRY--TOPICAL TERM
Topical term or geographic name as entry element Interpersonal relations
Form subdivision Juvenile fiction.
9 (RLIN) 5675981
650 #1 - SUBJECT ADDED ENTRY--TOPICAL TERM
Topical term or geographic name as entry element Baseball
Form subdivision Fiction.
9 (RLIN) 5681240
650 #1 - SUBJECT ADDED ENTRY--TOPICAL TERM
Topical term or geographic name as entry element Stress (Psychology)
Form subdivision Fiction.
9 (RLIN) 6470316
650 #1 - SUBJECT ADDED ENTRY--TOPICAL TERM
Topical term or geographic name as entry element Fathers
Form subdivision Fiction.
9 (RLIN) 5676167
655 #7 - INDEX TERM--GENRE/FORM
Genre/form data or focus term Sports fiction.
Source of term lcgft.
9 (RLIN) 5744746
942 ## - ADDED ENTRY ELEMENTS (KOHA)
Source of classification or shelving scheme Dewey Decimal Classification
Koha item type BOOK
Holdings
Withdrawn status Lost status Source of classification or shelving scheme Damaged status Not for loan Collection code Home library Current library Shelving location Date acquired Source of acquisition Total Checkouts Full call number Barcode Date last seen Date checked out Cost, replacement price Price effective from Koha item type
    Dewey Decimal Classification     Junior Fiction Wasatch County Library Wasatch County Library Main Floor Junior Area 06/06/2025 KidsReference 1 J Greenwald 34301002157180 07/14/2025 07/11/2025 18.99 06/06/2025 BOOK
This project was made possible through a grant from the Institute of Museum and Library Service administered by the Utah State Library Division.

Wasatch County Library

  • 465 East 1200 South, Heber City, Utah 84032
  • Phone 435-654-1511 | Fax 435-654-6456

Hours

  • Monday - Friday 9:30 AM - 8:00 PM
  • Saturday 9:30 AM - 1:30 PM
  • Closed Sundays and Holidays